[Event "9. Bayer Sommeropen"]
[Site "Leverkusen"]
[Date "2025.08.17"]
[Round "5.12"]
[White "Bartsch, Jan"]
[Black "Prieb, Robert"]
[Result "0-1"]
[WhiteElo "1885"]
[BlackElo "2246"]
[PlyCount "80"]
[GameId "2217913298232451"]
[EventDate "2025.??.??"]

1. d4 Nf6 2. Nc3 d5 3. Bf4 a6 4. e3 e6 5. g4 Bb4 6. Bg2 O-O 7. g5 Ne4 8. Bxe4 dxe4 9. Nge2 b5 10. a3 Bxc3+ 11. Nxc3 Bb7 12. h4 Nd7 13. Qg4 c5 14. dxc5 Nxc5 15. Rd1 Qc8 16. h5 Re8 17. g6 e5 18. gxf7+ Kxf7 19. Qxc8 Raxc8 20. Bg5 Ke6 21. Rg1 Rf8 22. Bh4 Rf7 23. Rd2 Bc6 24. Ke2 Nb7 25. Rg5 Nd6 26. b3 Be8 27. Nd5 Nf5 28. Rxf5 Rxf5 29. Ne7 Rf8 30. Nxc8 Bxh5+ 31. Ke1 Rxc8 32. Bd8 Bf3 33. Ba5 h5 34. Kf1 h4 35. Kg1 g5 36. Kh2 Kf5 37. Bd8 Rc6 38. c4 bxc4 39. bxc4 Rxc4 40. Rd6 Rc1 0-1

[Event "9. Bayer Sommeropen"]
[Site "Leverkusen"]
[Date "2025.08.17"]
[Round "5.13"]
[White "Schulte zu Sodingen, Matthias"]
[Black "Mänken, Merlin"]
[Result "0-1"]
[WhiteElo "1862"]
[BlackElo "2177"]
[PlyCount "49"]
[GameId "2217913298232452"]
[EventDate "2025.??.??"]

1. d4 g6 2. g3 Bg7 3. Bg2 c5 4. e3 Nf6 5. Nf3 O-O 6. O-O d5 7. c4 dxc4 8. Nbd2 Nc6 9. dxc5 Qa5 10. Nxc4 Qxc5 11. Qc2 Be6 12. Ncd2 h6 13. Rd1 Rfd8 14. Nb3 Rxd1+ 15. Qxd1 Qh5 16. Qe1 Bd5 17. Nfd4 Bxg2 18. Kxg2 Qd5+ 19. Kg1 Ne5 20. Qe2 a5 21. Bd2 a4 22. Nc1 Ne4 23. Be1 Ng5 24. f4 Nh3+ 25. Kf1 0-1

[Event "9. Bayer Sommeropen"]
[Site "Leverkusen"]
[Date "2025.08.17"]
[Round "5.14"]
[White "Berndt, Michael"]
[Black "Jügel, Marcel"]
[Result "0-1"]
[WhiteElo "1849"]
[BlackElo "2153"]
[PlyCount "106"]
[GameId "2217913298232453"]
[EventDate "2025.??.??"]

1. e4 e6 2. b3 b6 3. Bb2 Bb7 4. d3 d6 5. Nf3 c5 6. Nbd2 e5 7. g3 Be7 8. Bg2 Nd7 9. Nf1 h5 10. h4 Nf8 11. Ne3 Ne6 12. c3 Bf6 13. Qe2 Ne7 14. Rd1 Qc7 15. Nd2 O-O-O 16. Nd5 Nxd5 17. exd5 Nf8 18. c4 Kb8 19. Bh3 Bc8 20. Bxc8 Qxc8 21. Ne4 Qf5 22. Bc1 Be7 23. Kd2 Qg6 24. Kc2 Nh7 25. Rdg1 f5 26. Nd2 Rde8 27. f3 Nf6 28. Qg2 Bd8 29. Re1 Re7 30. Re2 Rhe8 31. Rhe1 b5 32. Nf1 Ba5 33. Bd2 Bxd2 34. Nxd2 b4 35. Kb2 a5 36. Kc2 Nd7 37. g4 hxg4 38. fxg4 e4 39. dxe4 fxg4 40. Qg3 Kc7 41. Rf1 Ne5 42. Ref2 Ra8 43. Rf8 Rxf8 44. Rxf8 Rf7 45. Rxf7+ Qxf7 46. Qg2 Qf6 47. Qf1 Nf3 48. Nxf3 Qc3+ 49. Kd1 gxf3 50. Qf2 Qd3+ 51. Kc1 Qxe4 52. Qg3 Qe3+ 53. Kc2 Qe2+ 0-1

[Event "9. Bayer Sommeropen"]
[Site "Leverkusen"]
[Date "2025.08.17"]
[Round "5.15"]
[White "Tochtenhagen, Wolfgang"]
[Black "Enke, Nils"]
[Result "1/2-1/2"]
[WhiteElo "2088"]
[BlackElo "1800"]
[PlyCount "78"]
[GameId "2217913298232454"]
[EventDate "2025.??.??"]

1. e4 c5 2. Nf3 Nc6 3. d4 cxd4 4. Nxd4 Nf6 5. Nc3 e5 6. Ndb5 d6 7. Bg5 a6 8. Bxf6 gxf6 9. Na3 b5 10. Nd5 f5 11. g3 Be6 12. Bg2 Rc8 13. c3 Bg7 14. O-O O-O 15. Nc2 fxe4 16. Bxe4 Ne7 17. Nce3 f5 18. Nxe7+ Qxe7 19. Nd5 Qf7 20. Bg2 e4 21. Nf4 Bc4 22. Qxd6 Bxf1 23. Bxf1 Qf6 24. Qd5+ Kh8 25. Ne6 Rfe8 26. Nxg7 Kxg7 27. Qb7+ Kg6 28. a4 Rb8 29. Qc7 Qe5 30. Qxe5 Rxe5 31. axb5 axb5 32. Ra6+ Kf7 33. Ra7+ Re7 34. Ra5 Reb7 35. c4 bxc4 36. Rxf5+ Ke6 37. Rc5 Rxb2 38. Bxc4+ Kf6 39. g4 Rc2 1/2-1/2

[Event "9. Bayer Sommeropen"]
[Site "Leverkusen"]
[Date "2025.08.17"]
[Round "5.16"]
[White "Ebert, Wolf"]
[Black "Di Franco, Patricio"]
[Result "0-1"]
[WhiteElo "1844"]
[BlackElo "2071"]
[PlyCount "78"]
[GameId "2217913298232455"]
[EventDate "2025.??.??"]

1. d4 c5 2. e3 g6 3. Nf3 Bg7 4. Bc4 d5 5. Bb5+ Bd7 6. Bxd7+ Nxd7 7. c3 Ngf6 8. Qb3 Qc7 9. dxc5 O-O 10. O-O Nxc5 11. Qb5 a6 12. Qe2 e5 13. Na3 e4 14. Nd4 Nd3 15. Nac2 h5 16. h3 Rfe8 17. f4 Nd7 18. Ne1 N7c5 19. Nxd3 Nxd3 20. g3 Rac8 21. Kg2 Qc4 22. Qd1 Bxd4 23. cxd4 Qc2+ 24. Kg1 Qxd1 25. Rxd1 Rc2 26. b3 Rec8 27. Bd2 Nb2 28. Rdc1 Nd3 29. Rxc2 Rxc2 30. Ba5 Re2 31. a4 Rxe3 32. Kg2 Re2+ 33. Kf1 Rf2+ 34. Kg1 Rc2 35. Rb1 h4 36. gxh4 Nxf4 37. Bb6 Nxh3+ 38. Kf1 Rh2 39. Re1 Rf2# 0-1

[Event "9. Bayer Sommeropen"]
[Site "Leverkusen"]
[Date "2025.08.17"]
[Round "5.17"]
[White "Böhm, Stefan"]
[Black "Arvapalli, Sai Ritvik"]
[Result "1-0"]
[WhiteElo "1962"]
[BlackElo "1770"]
[PlyCount "79"]
[GameId "2217913298232456"]
[EventDate "2025.??.??"]

1. e4 d6 2. d4 Nf6 3. Nc3 g6 4. f4 Bg7 5. Bd3 c6 6. Nf3 Bg4 7. h3 Bxf3 8. Qxf3 b5 9. e5 Nfd7 10. Nxb5 d5 11. Na3 Qb6 12. c3 e6 13. O-O Bf8 14. Nc2 c5 15. dxc5 Nxc5 16. Kh1 Nxd3 17. Qxd3 Nc6 18. Be3 Bc5 19. Bxc5 Qxc5 20. Nd4 O-O 21. Nxc6 Qxc6 22. Qd4 Rab8 23. Rf2 Rb7 24. b3 Rc8 25. Rc2 Qa6 26. Rac1 Qa5 27. Kh2 Qc5 28. Qxc5 Rxc5 29. Kg3 Rbc7 30. Kf3 f6 31. Ke3 g5 32. exf6 gxf4+ 33. Kxf4 d4 34. c4 e5+ 35. Ke4 a5 36. Rf2 Kf7 37. Rf5 Ke6 38. Rcf1 Rf7 39. g4 Rc8 40. Rxe5+ 1-0

[Event "9. Bayer Sommeropen"]
[Site "Leverkusen"]
[Date "2025.08.17"]
[Round "5.18"]
[White "Eßer, Daniel"]
[Black "Eßer, Julian"]
[Result "0-1"]
[WhiteElo "1605"]
[BlackElo "1939"]
[PlyCount "100"]
[GameId "2217913298232457"]
[EventDate "2025.??.??"]

1. e4 e6 2. d4 d5 3. Nd2 dxe4 4. Nxe4 Nd7 5. Nf3 Ngf6 6. Bg5 Be7 7. Bd3 Nxe4 8. Bxe7 Qxe7 9. Bxe4 c5 10. O-O O-O 11. Re1 Nf6 12. d5 Rd8 13. c4 Nxe4 14. Rxe4 Qd6 15. Qe2 h6 16. Rd1 b6 17. Rd2 Qc7 18. Re5 Rd6 19. Qe4 Bb7 20. Re2 Rf8 21. Qf4 Bc8 22. Rd2 Qd8 23. Rh5 exd5 24. Rhxd5 Rxd5 25. Rxd5 Qe7 26. Qe5 Qxe5 27. Rxe5 Be6 28. b3 Rd8 29. h3 Rd1+ 30. Re1 Rxe1+ 31. Nxe1 Bf5 32. a3 Kf8 33. Kf1 Ke7 34. Ke2 Kd6 35. Nd3 g5 36. g4 Bxd3+ 37. Kxd3 Ke5 38. Ke3 a6 39. h4 gxh4 40. f4+ Kd6 41. Kf3 f5 42. b4 a5 43. bxc5+ bxc5 44. g5 hxg5 45. fxg5 Ke5 46. a4 f4 47. Kg4 f3 48. Kxf3 Kf5 49. g6 Kxg6 50. Kg4 Kf6 0-1

[Event "9. Bayer Sommeropen"]
[Site "Leverkusen"]
[Date "2025.08.17"]
[Round "5.19"]
[White "Kerz, Markus"]
[Black "Yildiran, Sinan"]
[Result "1/2-1/2"]
[WhiteElo "1988"]
[BlackElo "1684"]
[PlyCount "95"]
[GameId "2217913298232458"]
[EventDate "2025.??.??"]

1. c4 e5 2. e3 Nf6 3. d4 exd4 4. exd4 Bb4+ 5. Nc3 d5 6. Bd3 O-O 7. Nge2 dxc4 8. Bxc4 Bf5 9. O-O Nc6 10. Bg5 a6 11. Nd5 Be7 12. Nxe7+ Qxe7 13. Re1 Qb4 14. Bb3 Ne4 15. Bf4 Rad8 16. d5 Qb6 17. Be3 Qa5 18. Ng3 Nxg3 19. hxg3 Nb8 20. Qf3 Bg6 21. Red1 h6 22. Rac1 Nd7 23. Bf4 Rc8 24. Rd4 Rfe8 25. Bd2 Qb6 26. Rb4 Ne5 27. Qf4 Nd3 28. Rxb6 Nxf4 29. Bxf4 cxb6 30. Rc7 Bf5 31. g4 Bxg4 32. f3 Rxc7 33. Bxc7 Bd7 34. Bxb6 Re2 35. Bd4 Kf8 36. a4 b5 37. Kf1 Re8 38. Bc5+ Kg8 39. a5 g5 40. Bd1 Re5 41. Bb3 f5 42. Bd4 Re8 43. Bd1 f4 44. b4 Bf5 45. Bb3 Bd3+ 46. Kf2 Re2+ 47. Kg1 Kf8 48. d6 1/2-1/2

[Event "9. Bayer Sommeropen"]
[Site "Leverkusen"]
[Date "2025.08.17"]
[Round "5.20"]
[White "Blomer, Moritz"]
[Black "Kühn, Nicole"]
[Result "1-0"]
[WhiteElo "1965"]
[BlackElo "1581"]
[PlyCount "111"]
[GameId "2217913298232459"]
[EventDate "2025.??.??"]

1. d4 d5 2. Nf3 Nf6 3. c4 e6 4. e3 a6 5. b3 Be7 6. Bd3 Nbd7 7. O-O O-O 8. Nbd2 c5 9. Bb2 b6 10. Qe2 Bb7 11. Rfd1 Re8 12. Ne5 Bd6 13. f4 h6 14. Rac1 Ne4 15. Bxe4 dxe4 16. Nxd7 Qxd7 17. dxc5 Bxc5 18. Nxe4 Qc6 19. Nxc5 Qxc5 20. Bd4 Qc6 21. Qg4 g6 22. Rd2 Kh7 23. Qh4 Rg8 24. Qf6 Raf8 25. Re1 b5 26. c5 Qe4 27. Qe5 Qxe5 28. Bxe5 Rd8 29. Red1 Rxd2 30. Rxd2 Bd5 31. e4 Bxe4 32. Rd7 Rf8 33. Bd6 Kg8 34. Bxf8 Kxf8 35. Ra7 Ke8 36. Rxa6 Kd7 37. Rb6 Bb1 38. a3 Bd3 39. Kf2 Be4 40. Rxb5 Kc6 41. Ra5 Bd5 42. b4 f5 43. g3 g5 44. Ke3 Be4 45. Kd4 gxf4 46. gxf4 Bd5 47. Ke5 Bc4 48. a4 Bd5 49. Ra6+ Kb7 50. Rxe6 Bxe6 51. Kxe6 Kc6 52. Kxf5 h5 53. h4 Kd5 54. Kg5 Kc4 55. c6 Kxb4 56. c7 1-0

[Event "9. Bayer Sommeropen"]
[Site "Leverkusen"]
[Date "2025.08.17"]
[Round "5.21"]
[White "Hüttner, Moritz"]
[Black "Feldhammer, Oskar"]
[Result "0-1"]
[WhiteElo "1587"]
[BlackElo "1710"]
[PlyCount "104"]
[GameId "2217913298232460"]
[EventDate "2025.??.??"]

1. d4 Nf6 2. Nf3 e6 3. Bf4 c5 4. c3 Nc6 5. e3 Be7 6. Bd3 a6 7. Nbd2 b5 8. O-O Bb7 9. h3 O-O 10. Ne5 d6 11. Nxc6 Bxc6 12. Nf3 Re8 13. Re1 Ne4 14. Qc2 f5 15. Nd2 Nf6 16. Qd1 c4 17. Bc2 Qd7 18. a4 Qb7 19. Nf3 Ne4 20. axb5 axb5 21. Qe2 Kh8 22. Qf1 h6 23. Rxa8 Rxa8 24. Ra1 g5 25. Bh2 g4 26. Rxa8+ Qxa8 27. hxg4 fxg4 28. Bxe4 Bxe4 29. Nd2 Bc6 30. f3 gxf3 31. gxf3 Qa2 32. Qc1 Qa7 33. Kf2 Be8 34. Qb1 Kg7 35. Bf4 Bg6 36. e4 e5 37. Be3 Qa8 38. dxe5 dxe5 39. Qh1 h5 40. Qg1 Bh4+ 41. Ke2 Qd8 42. f4 Qd3+ 43. Kf3 exf4 44. Kxf4 Qe2 45. Bd4+ Kf7 46. Qe3 Qg4+ 47. Ke5 Bf6+ 48. Kd5 Qd7+ 49. Kc5 Be7+ 50. Kb6 Kg8 51. Qh6 Qd6+ 52. Kb7 Bxe4+ 0-1

[Event "9. Bayer Sommeropen"]
[Site "Leverkusen"]
[Date "2025.08.17"]
[Round "5.24"]
[White "Erkelenz, Fynn"]
[Black "Grünhagen, Marc"]
[Result "1/2-1/2"]
[WhiteElo "1716"]
[BlackElo "2032"]
[PlyCount "57"]
[GameId "2217913298232463"]
[EventDate "2025.??.??"]

1. d4 d5 2. Bf4 c6 3. c3 Nf6 4. e3 Bf5 5. Bd3 Bxd3 6. Qxd3 Nbd7 7. Nd2 g6 8. h3 Bg7 9. Ngf3 O-O 10. O-O Re8 11. Ne5 Nxe5 12. Bxe5 Nd7 13. Bxg7 Kxg7 14. e4 dxe4 15. Nxe4 f5 16. Ng3 e5 17. dxe5 Nxe5 18. Qxd8 Raxd8 19. Rad1 Kf6 20. Rfe1 Nc4 21. b3 Rxe1+ 22. Rxe1 Nb6 23. Nf1 a5 24. h4 Nd5 25. Rd1 Re8 26. c4 Nc3 27. Rd2 Re1 28. g3 Ke6 29. Rc2 1/2-1/2

[Event "9. Bayer Sommeropen"]
[Site "Leverkusen"]
[Date "2025.08.17"]
[Round "5.25"]
[White "Chaganti, Prahasith Reddy"]
[Black "Henseler, Klaus"]
[Result "0-1"]
[WhiteElo "1691"]
[BlackElo "1926"]
[PlyCount "38"]
[GameId "2217913298232464"]
[EventDate "2025.??.??"]

1. e4 c6 2. d4 d5 3. e5 Bf5 4. Nf3 e6 5. Bd3 Bg6 6. c3 Nd7 7. Bg5 Qb6 8. Bxg6 hxg6 9. Qc2 c5 10. Nbd2 Ne7 11. dxc5 Qxc5 12. Be3 Qc7 13. Bd4 Nc6 14. Qa4 a6 15. O-O b5 16. Qb3 Ndxe5 17. Nxe5 Nxe5 18. Bxe5 Qxe5 19. a4 Qxh2# 0-1

[Event "9. Bayer Sommeropen"]
[Site "Leverkusen"]
[Date "2025.08.17"]
[Round "5.26"]
[White "Birnkott, Manfred"]
[Black "Roder, Stephan"]
[Result "1-0"]
[WhiteElo "1918"]
[BlackElo "1717"]
[PlyCount "121"]
[GameId "2217913298232465"]
[EventDate "2025.??.??"]

1. e4 c5 2. Nf3 Nc6 3. d4 cxd4 4. Nxd4 e5 5. Nf3 Be7 6. c4 Nf6 7. Bd3 d6 8. O-O Bg4 9. Be3 Qc7 10. Nc3 Nd4 11. Qa4+ Bd7 12. Qd1 Bg4 13. Bxd4 exd4 14. Nb5 Qb6 15. Nbxd4 O-O 16. Qc2 Qc5 17. h3 Bxf3 18. Nxf3 Nh5 19. Qd2 h6 20. Rfe1 g5 21. Bf1 Rad8 22. Rab1 Qc8 23. Nd4 Ng7 24. Bd3 Bf6 25. Nf3 Ne6 26. Bf1 Qc7 27. Nh2 Be5 28. Ng4 Bg7 29. Ne3 Rfe8 30. Nd5 Qb8 31. f4 gxf4 32. Nxf4 Ng5 33. Bd3 Re5 34. h4 Nh7 35. Qe2 Nf6 36. Qf3 Qc8 37. Nd5 Ng4 38. Rf1 Qe6 39. Nf4 Qc8 40. b4 Rde8 41. Nh5 Rxh5 42. Qxf7+ Kh8 43. Qxh5 Bd4+ 44. Kh1 Qe6 45. Qf5 Qg8 46. Qf7 Qxf7 47. Rxf7 Nf2+ 48. Rxf2 Bxf2 49. Rf1 Bd4 50. h5 Re5 51. Rf5 Kg7 52. Rxe5 Bxe5 53. g4 Kf6 54. Kg2 Kg5 55. Kf3 b6 56. a4 Bd4 57. Be2 Bg1 58. e5 dxe5 59. Ke4 Bd4 60. Kd5 Kf6 61. c5 1-0

[Event "9. Bayer Sommeropen"]
[Site "Leverkusen"]
[Date "2025.08.17"]
[Round "5.28"]
[White "Sutharjan, Dakxwin"]
[Black "Breuer, Achim"]
[Result "1-0"]
[WhiteElo "1904"]
[BlackElo "1661"]
[PlyCount "53"]
[GameId "2217913298232467"]
[EventDate "2025.??.??"]

1. e4 e6 2. d4 d5 3. Nd2 dxe4 4. Nxe4 Nd7 5. Nf3 Ngf6 6. Nxf6+ Nxf6 7. g3 c5 8. Bg2 Be7 9. O-O O-O 10. c3 cxd4 11. Nxd4 Qb6 12. Qe2 Nd5 13. Bxd5 exd5 14. Qxe7 Bh3 15. Re1 Qg6 16. Bf4 h5 17. Qg5 Qb6 18. Qxh5 Be6 19. Nxe6 fxe6 20. Qe5 Rf6 21. Qd6 Qxb2 22. Rab1 Qxa2 23. Rxb7 Raf8 24. Rxe6 Rxf4 25. gxf4 Qa1+ 26. Kg2 Qd1 27. Rxg7+ 1-0

[Event "9. Bayer Sommeropen"]
[Site "Leverkusen"]
[Date "2025.08.17"]
[Round "5.29"]
[White "Asadzade, Muhammed"]
[Black "Heider, Reimar"]
[Result "1-0"]
[WhiteElo "1895"]
[BlackElo "1634"]
[PlyCount "95"]
[GameId "2217913298232468"]
[EventDate "2025.??.??"]

1. d4 Nf6 2. c4 e5 3. dxe5 Ng4 4. Nh3 Nxe5 5. e3 Be7 6. Nc3 O-O 7. Nf4 d6 8. Nfd5 c6 9. Nxe7+ Qxe7 10. Be2 Be6 11. b3 Nbd7 12. Bb2 Bf5 13. e4 Bg6 14. f4 Nxc4 15. bxc4 Bxe4 16. Nxe4 Qxe4 17. O-O Rad8 18. Qd4 Nf6 19. Bd3 Qxd4+ 20. Bxd4 c5 21. Bxf6 gxf6 22. Rfe1 Rfe8 23. Rxe8+ Rxe8 24. Kf2 Kg7 25. Re1 Rxe1 26. Kxe1 h6 27. Kf2 h5 28. Kf3 Kh6 29. Ke4 h4 30. Kd5 Kh5 31. h3 Kh6 32. Kxd6 b6 33. Kc7 Kg7 34. Kb7 Kf8 35. Kxa7 Ke7 36. Kxb6 Kd6 37. a4 Kd7 38. Kxc5 Kc7 39. a5 f5 40. a6 Kb8 41. Kb6 f6 42. Be2 Ka8 43. Bf3+ Kb8 44. a7+ Kc8 45. a8=Q+ Kd7 46. Bc6+ Ke7 47. Qe8+ Kd6 48. Qd7# 1-0

[Event "9. Bayer Sommeropen"]
[Site "Leverkusen"]
[Date "2025.08.17"]
[Round "5.30"]
[White "Dietrich, Markus"]
[Black "Botvinnik, Alexey"]
[Result "0-1"]
[WhiteElo "1619"]
[BlackElo "1832"]
[PlyCount "58"]
[GameId "2217913298232469"]
[EventDate "2025.??.??"]

1. c4 Nf6 2. g3 c6 3. Bg2 g6 4. d4 d5 5. cxd5 cxd5 6. Nc3 Bg7 7. Nf3 O-O 8. e3 Nc6 9. h3 Bd7 10. a3 Rc8 11. O-O e6 12. Ne5 Nxe5 13. dxe5 Ne8 14. f4 Bc6 15. Qd4 a6 16. Rd1 Nc7 17. e4 dxe4 18. Nxe4 Qxd4+ 19. Rxd4 Nb5 20. Rd3 Rcd8 21. Nd6 Bxg2 22. Kxg2 Nxd6 23. exd6 Rd7 24. Rb1 Rfd8 25. Be3 Rxd6 26. Rxd6 Rxd6 27. Kf3 Rd3 28. Ke4 Rb3 29. Bd4 f5# 0-1

[Event "9. Bayer Sommeropen"]
[Site "Leverkusen"]
[Date "2025.08.17"]
[Round "5.31"]
[White "Mao, Yuke"]
[Black "Granz, Thomas"]
[Result "1-0"]
[WhiteElo "1532"]
[BlackElo "1821"]
[PlyCount "68"]
[GameId "2217913298232470"]
[EventDate "2025.??.??"]

1. e4 c5 2. d4 cxd4 3. c3 dxc3 4. Nxc3 Nc6 5. Bc4 e5 6. Nf3 Nf6 7. Ng5 d5 8. exd5 Na5 9. Bb3 h6 10. Nf3 Bg4 11. O-O Nxb3 12. axb3 Bd6 13. Re1 O-O 14. Qd3 Qb6 15. Nxe5 Rfe8 16. Bf4 Bh5 17. Nc4 Bg6 18. Qf1 Qxb3 19. Nxd6 Rxe1 20. Qxe1 Qxb2 21. Qc1 Qb4 22. Qd2 Nh5 23. Ne2 Qb6 24. h3 Nxf4 25. Qxf4 Qb2 26. Re1 a5 27. Qd4 Qb3 28. Qa1 Qxd5 29. Qd4 Qc6 30. Rc1 Qa6 31. Nf4 b5 32. Nxg6 fxg6 33. Qd5+ Kh7 34. Nxb5 Qf6 1-0

[Event "9. Bayer Sommeropen"]
[Site "Leverkusen"]
[Date "2025.08.17"]
[Round "5.33"]
[White "Koch, Kian"]
[Black "Kunz, Nils"]
[Result "1/2-1/2"]
[WhiteElo "1812"]
[BlackElo "1624"]
[PlyCount "58"]
[GameId "2217913298232472"]
[EventDate "2025.??.??"]

1. d4 e6 2. Nf3 Nf6 3. c4 d5 4. g3 Be7 5. Bg2 O-O 6. O-O c5 7. dxc5 dxc4 8. Qc2 Bxc5 9. Rd1 Qb6 10. e3 Rd8 11. Nbd2 c3 12. Qxc3 Nd5 13. Qc4 Bxe3 14. Ne4 Bxc1 15. Raxc1 Bd7 16. b3 Nc6 17. a3 Be8 18. b4 Rac8 19. Nc5 Nce7 20. Qe4 Nc3 21. Rxc3 Rxd1+ 22. Ne1 Bc6 23. Qe2 Rcd8 24. Ncd3 Ba4 25. Bf3 Qd4 26. Qb2 Qd7 27. Bxd1 Bxd1 28. Qc1 Nd5 29. Rc4 Ba4 1/2-1/2

[Event "9. Bayer Sommeropen"]
[Site "Leverkusen"]
[Date "2025.08.17"]
[Round "5.34"]
[White "Trevisan, Florian"]
[Black "Jeuken, Thomas"]
[Result "1-0"]
[WhiteElo "1812"]
[BlackElo "1589"]
[PlyCount "145"]
[GameId "2217913298232473"]
[EventDate "2025.??.??"]

1. e4 e6 2. d4 d5 3. Nc3 c6 4. Bd3 h6 5. Nf3 Nd7 6. Bf4 Be7 7. Qe2 Ngf6 8. e5 Nh5 9. Be3 g5 10. g4 Nf4 11. Bxf4 gxf4 12. Qd2 c5 13. Qxf4 cxd4 14. Nxd4 Nc5 15. Be2 a6 16. a3 Bd7 17. b4 Na4 18. Nxa4 Bxa4 19. Bd3 Qc7 20. O-O Bg5 21. Qg3 O-O-O 22. b5 Bd2 23. Ra2 Rdg8 24. f4 Qc5 25. Qf2 Rxg4+ 26. Kh1 Bxf4 27. Ne2 Qxf2 28. Rxf2 Bxe5 29. Rxf7 Rhg8 30. bxa6 Bc6 31. axb7+ Kb8 32. Ng3 Bxg3 33. hxg3 Rxg3 34. Kh2 Rg2+ 35. Kh3 Rg1 36. c3 R1g3+ 37. Kh2 Rxd3 38. Rf6 Re3 39. Rxh6 Re1 40. Kh3 Rh1+ 41. Rh2 Rxh2+ 42. Kxh2 Rg7 43. Rxe6 Kxb7 44. Re1 Rg4 45. Kh3 Re4 46. Rd1 Re3+ 47. Kg4 Rxc3 48. Kf4 Rxa3 49. Ke5 Kc7 50. Rg1 Re3+ 51. Kd4 Kd6 52. Kxe3 Kc5 53. Kd3 Bb5+ 54. Kc3 d4+ 55. Kd2 Kd5 56. Rg8 d3 57. Kc3 Kc5 58. Rg5+ Kc6 59. Rg8 Ba6 60. Rg6+ Kb7 61. Rd6 Ka7 62. Kb4 Kb7 63. Kc5 Ka7 64. Rd7+ Kb8 65. Rd6 Kb7 66. Rh6 Ka7 67. Rh7+ Kb8 68. Kb6 Bc8 69. Rh8 d2 70. Rd8 d1=Q 71. Rxd1 Ka8 72. Rd8 Kb8 73. Rh8 1-0

[Event "9. Bayer Sommeropen"]
[Site "Leverkusen"]
[Date "2025.08.17"]
[Round "5.35"]
[White "Li, Alice Shiqian"]
[Black "Lambertz, Walter"]
[Result "0-1"]
[WhiteElo "1528"]
[BlackElo "1809"]
[PlyCount "148"]
[GameId "2217913298232474"]
[EventDate "2025.??.??"]

1. d4 Nf6 2. Nf3 g6 3. e3 d5 4. c4 Bg7 5. Nc3 O-O 6. Bd3 c5 7. O-O Nc6 8. Re1 Bg4 9. Be2 cxd4 10. exd4 e6 11. Be3 dxc4 12. h3 Bxf3 13. Bxf3 Nd5 14. Nxd5 exd5 15. Qd2 b5 16. Rac1 Qd7 17. a3 a5 18. Red1 Rfd8 19. Rb1 b4 20. axb4 Nxb4 21. b3 Rac8 22. bxc4 Rxc4 23. Rdc1 Rdc8 24. Rxc4 Rxc4 25. Ra1 Nc6 26. Ra3 Nxd4 27. Bxd4 Bxd4 28. Rxa5 Qc7 29. Ra8+ Kg7 30. Bd1 Qc5 31. Ra2 Bc3 32. Qe2 Re4 33. Qf3 Re1+ 34. Kh2 Be5+ 35. g3 Qc4 36. Re2 Rxd1 37. Rxe5 Qf1 38. Qg2 Qxg2+ 39. Kxg2 Kf6 40. Re2 h5 41. f4 Ra1 42. Re5 Ra5 43. Kf3 Ra3+ 44. Kg2 d4 45. Rd5 Ra4 46. Kf2 Ke6 47. Rd8 Ra2+ 48. Kf3 Ra3+ 49. Kf2 Ra4 50. Kg2 Kf5 51. Kf2 f6 52. Kf3 Ra3+ 53. Kf2 Ke4 54. Re8+ Kd3 55. Re2 Ra6 56. Kf3 Rd6 57. Kf2 Kc3 58. Ke1 d3 59. Rh2 Ra6 60. Rd2 Re6+ 61. Kd1 Ra6 62. Ke1 Ra1+ 63. Rd1 Rxd1+ 64. Kxd1 d2 65. g4 h4 66. g5 f5 67. Ke2 Kc2 68. Ke3 d1=Q 69. Kf2 Kd2 70. Kg2 Ke3 71. Kh2 Kxf4 72. Kg2 Qe2+ 73. Kg1 Kg3 74. Kh1 Qf1# 0-1

[Event "9. Bayer Sommeropen"]
[Site "Leverkusen"]
[Date "2025.08.17"]
[Round "5.36"]
[White "Krenzel, Christoph"]
[Black "Freiknecht, Axel"]
[Result "0-1"]
[WhiteElo "1510"]
[BlackElo "1798"]
[PlyCount "56"]
[GameId "2217913298232475"]
[EventDate "2025.??.??"]

1. d4 d5 2. Nf3 Nf6 3. e3 e6 4. Bd3 Be7 5. a3 O-O 6. Nbd2 Nbd7 7. b3 b6 8. Bb2 Bb7 9. O-O c5 10. Ne5 Rc8 11. Qf3 g6 12. Bb5 a6 13. Bxd7 Nxd7 14. Nxd7 Qxd7 15. dxc5 bxc5 16. Qf4 f6 17. Rac1 e5 18. Qh6 Rf7 19. f4 e4 20. h4 Bf8 21. h5 Bxh6 22. hxg6 hxg6 23. Kf2 d4 24. Nc4 Bd5 25. Nb6 Qc6 26. Nxc8 Qxc8 27. exd4 Bxf4 28. Rcd1 Qg4 0-1

[Event "9. Bayer Sommeropen"]
[Site "Leverkusen"]
[Date "2025.08.17"]
[Round "5.40"]
[White "Kock, Sebastian"]
[Black "Hoffmann, Marina"]
[Result "1-0"]
[WhiteElo "1900"]
[BlackElo "1615"]
[PlyCount "75"]
[GameId "2217913298232479"]
[EventDate "2025.??.??"]

1. d4 d5 2. c4 e6 3. Nc3 a6 4. cxd5 exd5 5. Bf4 Nf6 6. e3 Bd6 7. Bxd6 Qxd6 8. Bd3 Be6 9. h3 Nbd7 10. Nf3 h6 11. O-O O-O 12. Rb1 c6 13. b4 Rfe8 14. a4 b5 15. a5 Nh5 16. Qc2 g6 17. Bxg6 Ng3 18. fxg3 Qxg3 19. Bf5 Nf8 20. Bxe6 Rxe6 21. Qf2 Qg6 22. Ne5 Qg7 23. Rbe1 f6 24. Nd3 Nd7 25. Nf4 Rd6 26. Nce2 f5 27. Qg3 Rf8 28. Qxg7+ Kxg7 29. Ng3 Kf6 30. Nd3 Kg5 31. Rf3 Rdf6 32. Ref1 h5 33. Ne5 Nxe5 34. dxe5 Re6 35. Rxf5+ Rxf5 36. Rxf5+ Kh4 37. Kh2 Rh6 38. e6 1-0

[Event "9. Bayer Sommeropen"]
[Site "Leverkusen"]
[Date "2025.08.17"]
[Round "5.42"]
[White "Göbel, Dominik"]
[Black "Siegler, Stefan"]
[Result "1-0"]
[WhiteElo "1807"]
[BlackElo "1520"]
[PlyCount "43"]
[GameId "2217913298232481"]
[EventDate "2025.??.??"]

1. d4 d5 2. c4 c6 3. Nf3 Bf5 4. cxd5 cxd5 5. Qb3 b6 6. Nc3 e6 7. e4 dxe4 8. Bb5+ Ke7 9. Nh4 g6 10. Nxf5+ gxf5 11. d5 Bh6 12. Bxh6 Nxh6 13. dxe6 fxe6 14. Rd1 Qg8 15. O-O Qg6 16. Qc4 Rg8 17. Qc7+ Kf6 18. g3 Rg7 19. Qf4 Qg4 20. Qxh6+ Rg6 21. Qf8+ Kg5 22. h4+ 1-0

[Event "9. Bayer Sommeropen"]
[Site "Leverkusen"]
[Date "2025.08.17"]
[Round "5.43"]
[White "Urra, Michelle"]
[Black "Krugmann, Alexander"]
[Result "0-1"]
[WhiteElo "1801"]
[BlackElo "1490"]
[PlyCount "64"]
[GameId "2217913298232482"]
[EventDate "2025.??.??"]

1. d4 Nf6 2. Bf4 d5 3. e3 Bf5 4. Nf3 c5 5. c3 Nc6 6. Be2 e6 7. O-O Bd6 8. Bg3 O-O 9. c4 Ne4 10. Nc3 Nxg3 11. hxg3 dxc4 12. Bxc4 cxd4 13. Nxd4 Nxd4 14. exd4 Qf6 15. Rc1 Rfd8 16. d5 exd5 17. Bxd5 Rab8 18. Qf3 b6 19. Bb3 Qg5 20. Qd5 Qg6 21. Rfd1 Be6 22. Qb5 Bxb3 23. Qxb3 Bc5 24. Nb5 a6 25. Na3 Qf6 26. Rf1 Rd2 27. Rxc5 Rxb2 28. Qd5 bxc5 29. Qxc5 Rxa2 30. Nc4 Rc2 31. Qc7 Qd8 32. Qf4 Rb4 0-1

[Event "9. Bayer Sommeropen"]
[Site "Leverkusen"]
[Date "2025.08.17"]
[Round "5.44"]
[White "Kowalski, Hans-Ludwig"]
[Black "Depping, Thomas"]
[Result "1-0"]
[WhiteElo "1599"]
[BlackElo "1796"]
[PlyCount "39"]
[GameId "2217913298232483"]
[EventDate "2025.??.??"]

1. e4 c5 2. Nc3 Nc6 3. f4 d6 4. Nf3 g6 5. Bb5 a6 6. Bxc6+ bxc6 7. O-O Bg7 8. d3 e6 9. Qe1 Ne7 10. Bd2 O-O 11. Qh4 d5 12. Ng5 h6 13. Nf3 Bd7 14. f5 exf5 15. Bxh6 fxe4 16. Bxg7 Kxg7 17. Ng5 Rh8 18. Rxf7+ Kg8 19. Rh7 Rxh7 20. Qxh7+ 1-0

[Event "9. Bayer Sommeropen"]
[Site "Leverkusen"]
[Date "2025.08.17"]
[Round "5.45"]
[White "Ferfers, Ralph"]
[Black "Milz, Ulrich"]
[Result "0-1"]
[WhiteElo "1596"]
[BlackElo "1739"]
[PlyCount "36"]
[GameId "2217913298232484"]
[EventDate "2025.??.??"]

1. e4 e6 2. d4 b6 3. a3 Bb7 4. Nc3 h6 5. Nf3 Nf6 6. Bd3 c5 7. dxc5 bxc5 8. Bf4 Nc6 9. Nb5 d6 10. O-O e5 11. Bg3 Nh5 12. Bh4 g5 13. Bg3 Nf4 14. Bc4 a6 15. Bxf4 gxf4 16. Qd5 Qd7 17. Nxd6+ Bxd6 18. Rad1 Nd4 0-1